Economic policy experience in Africa : (Record no. 455)

000 -LEADER
fixed length control field 01046nam a2200277 a 4500
003 - CONTROL NUMBER IDENTIFIER
control field ALUPE UN
005 - DATE AND TIME OF LATEST TRANSACTION
control field 20210614102322.0
008 - FIXED-LENGTH DATA ELEMENTS--GENERAL INFORMATION
fixed length control field 970324s1994 ke a b 100 0 eng d
020 ## - INTERNATIONAL STANDARD BOOK NUMBER
International Standard Book Number 9966900241
040 ## - CATALOGING SOURCE
Transcribing agency EMU
090 ## - LOCALLY ASSIGNED LC-TYPE CALL NUMBER (OCLC); LOCAL CALL NUMBER (RLIN)
Classification number (OCLC) (R) ; Classification number, CALL (RLIN) (NR) HC800
Local cutter number (OCLC) ; Book number/undivided call number, CALL (RLIN) .E2765 1994
245 00 - TITLE STATEMENT
Title Economic policy experience in Africa :
Remainder of title what have we learned? /
Statement of responsibility, etc. edited by Achi Atsain, Samuel Wangwe and Anne Gordon Drabek.
260 ## - PUBLICATION, DISTRIBUTION, ETC.
Place of publication, distribution, etc. Nairobi :
Name of publisher, distributor, etc. African Economic Research Consortium,
Date of publication, distribution, etc. c1994.
300 ## - PHYSICAL DESCRIPTION
Extent xx, 374 p. :
Other physical details ill. ;
Dimensions 25 cm.
500 ## - GENERAL NOTE
General note Based on the first International Conference on African Economic Issues.
504 ## - BIBLIOGRAPHY, ETC. NOTE
Bibliography, etc. note Includes bibliographical references.
700 1# - ADDED ENTRY--PERSONAL NAME
Personal name Atsain, Achi.
700 1# - ADDED ENTRY--PERSONAL NAME
Personal name Wangwe, S. M.
700 1# - ADDED ENTRY--PERSONAL NAME
Personal name Drabek, Anne Gordon.
711 2# - ADDED ENTRY--MEETING NAME
Number of part/section/meeting (1st :
Date of meeting or treaty signing 1992 :
942 ## - ADDED ENTRY ELEMENTS (KOHA)
Source of classification or shelving scheme
Koha item type Book
Suppress in OPAC DO
Holdings
Withdrawn status Lost status Source of classification or shelving scheme Damaged status Not for loan Permanent Location Current Location Shelving location Date acquired Total Checkouts Full call number Barcode Date last seen Price effective from Koha item type Public note
          AU LIBRARY AU LIBRARY Open Shelf 14.06.2021   HD87 E35 1994 28001165 14.06.2021 14.06.2021 Book D0

Powered by Koha